00750nam a2200193Ia 4500952014300000999001700143003000400160005001700164008004100181040000900222082002000231100003700251245013100288250001200419260005400431300000900485650001600494942004600510 00102ddc40708POLITICAL SCIENCEaMESbMEScPOLd2019-02-20g13.00l0o327.5482 LOG/Cp2593r2019-02-20 00:00:00w2019-02-20yBKzGL10R4 c18728d18728OSt20220826145847.0190216s9999||||xx |||||||||||||| ||und|| coclc a327.5482bLOG/C1 aLogan, William,d1841-191492672 0aA Collection Of Treaties , Engagements And Other Papers Of Importance Relating To British Affairs In Malabar /cWilliam Logan a2nd Ed. bGovernment Of Kerala,c1951.aThiruvananthapuram: a425p aSouth India cBK2ddch327.5482iLOG/Ck327.5482mLOG/C